• 首页
  • 本馆介绍
  • 公告通知
  • 最新文献
  • 馆藏检索
  • 电子资源
  • 读者导购
  • 参考咨询
  • 我的图书馆
  • 登录
  • 详细信息显示
  • 放入我的书架
  • 预约/预借图书
  • 作者相关作品
  • 分类相关作品
  • 丛书相关作品
  • 出版社相关作品

书目信息

  • 表格格式
  • 工作单格式
  • 卡片格式
题名:
成人教育教学论
    
 
作者: 程凯 , 李如密 主编
分册:  
出版信息: 开封   河南大学出版社  1999
页数: 356页
开本: 21cm
丛书名: 成人教育研究丛书
单 册:
中图分类: G720
科图分类:
主题词: 成人教育--教育理论
电子资源:
ISBN: 7-81041-693-6
000 00941oam2 2200265 45
001 0900000020858
005 20050923095232.96
010    @a7-81041-693-6@dCNY20.00
100    @a20050103e20041999ekmy0chiy0120 ea
101 0  @achi
102    @aCN@b410000
105    @ay z 000yy
200 1  @a成人教育教学论@9cheng ren jiao yu jiao xue lun@f程凯,李如密主编@Fcheng kai,li ru mi zhu bian
210    @a开封@c河南大学出版社@d1999@h2004重印
215    @a356页@d21cm
225 2  @a成人教育研究丛书@f王北生主编
330    @a本书介绍了成人教育教学对象,成人教育教师,成人教育教学内容,成人教育教学过程,成人教育教学模式,成人教育教学原则,成人教育教学评估。
410  0 @12001 @a成人教育研究丛书@1701 0@a王北生@Awang bei sheng@4主编
606 0  @a成人教育@x教育理论
690    @aG720@v4
701  0 @a程凯@Acheng kai@4主编
701  0 @a李如密@Ali ru mi@4主编
801  0 @aCN@bTSSF@c20050923
905    @a10447@dG720@e74
999    @aAFJ@eJDD
    
    成人教育教学论/程凯,李如密主编.-开封:河南大学出版社,1999(2004重印)
    356页;21cm.-(成人教育研究丛书/王北生主编)
    
    
    ISBN 7-81041-693-6:CNY20.00
    本书介绍了成人教育教学对象,成人教育教师,成人教育教学内容,成人教育教学过程,成人教育教学模式,成人教育教学原则,成人教育教学评估。
●
相关链接 在E读中查询图书 在五车中查询图书 在当当中查询图书 在豆瓣中查询图书


正题名:成人教育教学论     索取号:G720/74         预约/预借

序号 登录号 条形码 馆藏地/架位号 状态 备注
1 0362837   3628373   第一样本阅览室/ [索取号:G720/74] 在馆    
2 0362838   3628382   第四借阅区/ [索取号:G720/74] 在馆    
3 0362839   3628391   密集书库/ [索取号:G720/74] 在馆    
4 0362840   3628408   第四借阅区/ [索取号:G720/74] 在馆    
5 0362841   3628417   第四借阅区/ [索取号:G720/74] 在馆    
6 0362842   3628426   密集书库/ [索取号:G720/74] 在馆    
7 0362843   3628435   第四借阅区/ [索取号:G720/74] 在馆    
8 0362844   3628444   第四借阅区/ [索取号:G720/74] 在馆    
唐山师范学院图书馆 欢迎您!
大连网信软件有限公司© 版权所有